Quizzes
Events
Quiz Creation
Community
Videos
Private Events
Remove Ads
Sign In
Join for FREE
Feedback
Dark Mode
Quiz Categories
Sports
Geography
Music
Movies
Television
Just For Fun
Miscellaneous
History
Literature
Language
Science
Gaming
Entertainment
Religion
Holiday
For Kids
Quiz Lab
Recent
Popular Today
Quiz Kudos Today
Editor Picks
Curator Picks
Quizzes by...
Day
Popularity
Type
Ratings
Length
Year
Community
Subscriptions
Recent Discussions
Orange Saloon
Badges
Playlists
Quests
Create
Leaderboards
Showdown
Live 5
Trivia Bingo
Activity
Puzzle Library
Sporcle Events
Private Events
Virtual Trivia
Globe League
Become a Host
Pub Owners
SporcleCon
Opinionation
Our Games
Videos
Blog
Mobile Apps
Partnerships
Remove Ads and Go Orange
Feedback
Music
Pop Music
The Beatles
Song
Album
Lyrics
Bands
Singers
Artist
Clip
Rock
Rap
Classical
Billboard
Country Music
Kpop
Taylor Swift
Music
Pop Music
The Beatles
Song
Album
Lyrics
Bands
Singers
Artist
Clip
Rock
Rap
Classical
Billboard
Country Music
Kpop
Taylor Swift
Random Quiz
Search Sporcle
×
Quiz Lab
Quiz Lab
Music
Artist
Type in answers that appear in a list
Type in answers that appear in a list
Classic
Best Score? Go Orange.
Best-selling albums Stats
Can you name the best-selling albums in the U.S. of all time?
By
markcodd
16m
100 Questions
77 Plays
77 Plays
77 Plays
Comments
Comments
Give Quiz Kudos
Give Quiz Kudos
-
- Ratings
hide this ad
Replay
Link that replays current quiz
Next Quiz
Link to next quiz in quiz playlist
You Got
0%
They Got
Avg Score
35%
Avg Friend Score
Upgrade to see
Score Distribution
Jump to the score distribution portion of the page
Score
0/100
Timer
16:00
0
Plays Today
Artist
Album
% Correct
Michael Jackson
Thriller
96.1%
AC/
DC
Back in Black
76.6%
The Beatles
The Beatles
71.4%
Pink Floyd
Dark Side Of The Moon
68.8%
The Beatles
Abbey Road
66.2%
Pink Floyd
The Wall
64.9%
The Eagles
Hotel California
62.3%
The Beatles
1
62.3%
Garth Brooks
The Hits
62.3%
The Eagles
Eagles/Their Greatest Hits 1971-1975
61%
Billy Joel
Greatest Hits Vol. I & II
61%
Elton John
Greatest Hits
61%
Journey
Greatest Hits
61%
Simon & Garfunkel
Simon & Garfunkel's Greatest Hits
61%
Steve Miller Band
Greatest Hits 1974-1978
61%
Kenny Rogers
Kenny Rogers' Greatest Hits
61%
Aerosmith
Aerosmith's Greatest Hits
61%
The Eagles
Eagles Greatest Hits Volume II
61%
James Taylor
James Taylor's Greatest Hits
61%
Patsy Cline
Greatest Hits
61%
Tom Petty & The Heartbreakers
Greatest Hits
61%
Led Zeppelin
Led Zeppelin
59.7%
The Beatles
Sgt. Pepper's Lonely Hearts Club Band
57.1%
Nirvana
Nevermind
57.1%
Led Zeppelin
Led Zeppelin IV
55.8%
Guns 'N Roses
Appetite For Destruction
54.5%
Fleetwood Mac
Rumours
51.9%
Alanis Morissette
Jagged Little Pill
49.4%
Green Day
Dookie
48.1%
Metallica
Metallica
45.5%
Bruce Springsteen
Born In The U.S.A.
45.5%
Prince and the Revolution
Purple Rain
44.2%
U2
The Joshua Tree
44.2%
Whitney Houston
The Bodyguard
42.9%
Artist
Album
% Correct
Shania Twain
Come On Over
41.6%
Meat Loaf
Bat Out Of Hell
41.6%
Pearl Jam
Ten
41.6%
Led Zeppelin
Led Zeppelin II
41.6%
Backstreet Boys
Backstreet Boys
39%
Bon Jovi
Slippery When Wet
39%
Boston
Boston
37.7%
Bee Gees
Saturday Night Fever
37.7%
Various Artists/
Soundtrack (1997)
Titanic
37.7%
Backstreet Boys
Millennium
36.4%
Led Zeppelin
Houses Of The Holy
36.4%
Led Zeppelin
Physical Graffiti
35.1%
Britney Spears
...Baby One More Time
33.8%
'N Sync
'N Sync
33.8%
Santana
Supernatural
32.5%
Van Halen
Van Halen
31.2%
Hootie & the Blowfish
Cracked Rear View
29.9%
Whitney Houston
Whitney Houston
29.9%
Def Leppard
Hysteria
28.6%
'N Sync
No Strings Attached
28.6%
The Doobie Brothers
Best Of The Doobies
28.6%
The Doors
The Best Of The Doors
28.6%
Def Leppard
Pyromania
28.6%
Van Halen
1984
28.6%
Bruce Springsteen & The E Street Band
Live/1975-85
27.3%
Boyz II Men
II
27.3%
Britney Spears
Oops!...I Did It Again
27.3%
George Michael
Faith
27.3%
OutKast
Speakerboxxx/The Love Below
26%
No Doubt
Tragic Kingdom
24.7%
Norah Jones
Come Away With Me
24.7%
Garth Brooks
Garth Brooks
23.4%
Linkin Park
Hybrid Theory
23.4%
Garth Brooks
Ropin' The Wind
22.1%
Artist
Album
% Correct
MC Hammer
Please Hammer Don't Hurt 'Em
22.1%
Shania Twain
Up!
20.8%
Eric Clapton
Unplugged
20.8%
Billy Joel
The Stranger
20.8%
Garth Brooks
No Fences
19.5%
Creed
Human Clay
19.5%
Garth Brooks
Double Live
18.2%
Phil Collins
No Jacket Required
18.2%
Shania Twain
The Woman In Me
18.2%
Dixie Chicks
Wide Open Spaces
16.9%
Matchbox 20
Yourself Or Someone Like You
16.9%
Dixie Chicks
Fly
16.9%
ZZ Top
Eliminator
16.9%
Stevie Wonder
Songs In The Key Of Life
16.9%
The Beatles
The Beatles 1967-1970
15.6%
TLC
Crazysexycool
15.6%
The Rolling Stones
Hot Rocks
14.3%
Notorious B.I.G.
Life After Death
14.3%
Mariah Carey
Music Box
14.3%
The Beatles
The Beatles 1962-1966
13%
Jewel
Pieces Of You
13%
Various Artists/
Soundtrack (1994)
Forrest Gump
13%
Kid Rock
Devil Without A Cause
13%
Various Artists/
Soundtrack (1987)
Dirty Dancing
13%
Various Artists/
Soundtrack (1994)
The Lion King
13%
Lionel Richie
Can't Slow Down
13%
Garth Brooks
Sevens
13%
Usher
Confessions
9.1%
Kenny G
Breathless
7.8%
Celine Dion
Falling Into You
7.8%
Mariah Carey
Daydream
7.8%
Celine Dion
Let's Talk About Love
6.5%
Quiz Playlist
Details
Report
Send in Message
Add To Playlist
Classic:
Type in answers that appear in a list
Quiz Source
Last Updated: Feb 16, 2017
Quiz Scoreboard
CHALLENGE
Sign Up to Join the Scoreboard
Show All
Scores
Hide
Comments
May contain spoilers
Recently Published
Popular People in 1961
by mucciniale
History
6m
1-10 Letter E Words III
by El_Dandy
Language
2m
One Thing in Common: World Cities II
by knightlancer
Geography
7m
More to Explore
Quiz From the Vault
Featured Blog Post
Where Did the Easter Bunny Come From?
hide this ad
You Might Also Like...
Tags
Album Quiz
Artist Quiz
Best Selling
Copy
million
sold
Today's Top Quizzes in Music
Browse Music
hide this ad
Today's Top Quizzes in Artist
Browse Artist
Top Contributed Quizzes in Music
1
Taylor Swift All Songs (2024)
2
Taylor Swift Logic Puzzle
3
2010s Album by Cover III
4
Guess the Taylor Swift song (Mystery Song)
5
One Thing in Common: Music
6
Guess the Artist- 70s Songs
7
2010s Album by Cover IV
8
2010s Album by Cover V
9
Get the Picture: Carrie or Dolly
10
Lana Del Rey Discography (BTD to DYKTTATUOB)
Explore More
Trending Topics
NBA
Anime
Marvel
Harry Potter
Crossword
Disney
Kpop
Song
NFL
Soccer
WWE
Puzzle
The Office
Country
Pokémon
hide this ad
More By:
markcodd
Quiz
Plays
Rating
Category
Featured
Created
2011 Brewers players by games
316
Sports
Oct 26, 2011
best-selling albums
77
Music
Jan 8, 2010
Go to Creator's Profile
Score Distribution
Quiz Creator Spotlight
markcodd
Follow
Send a Message
Quizzes Created
-
Created Quiz Play Count
-
More By This Creator
Popular Quizzes Today
1
Find the US States - No Outlines Minefield
2
The Countries of the World
3
Popular People in 1961
4
Find the Countries of Europe - No Outlines Minefield
5
1-10 Letter E Words III
6
Find the US States
7
One Thing in Common: World Cities II
8
US States
More Music Quizzes
Rock Album Sorting X
Quiz Lab
Trending Quizzes
1-10 Letter F Words
One Thing in Common: Music
1-10 Letter G Words
Risky Map Clicking: Next State Alphabetically
1-10 Letter F Words II
Recently Updated
Leaping Animals
pecheneg
Reality TV Shows (A-Z)
bhenderson79
Rickey Henderson's Hall of Fame Teammates
pecheneg
Champions League XIs: Arsenal
pecheneg
Quick Pick: Celebrities in WWE's Hall of Fame
aduchscher
A-Z Keypad Blitz II
pecheneg
Multiple Oscar Actors
pecheneg
Mystery Phrase Blitz: Oscar 'Best Actors'
pecheneg
F. Scott Fitzgerald Novels
LTH
Pick 3 Villains
ddd62291
Trending Topics
Marvel
Anime
Disney
Kpop
NBA
Harry Potter
Crossword
Song
WWE
Soccer
Puzzle
NFL
Pokémon
The Office
Country
Your Account Isn't Verified!
In order to create a playlist on Sporcle, you need to verify the email address you used during registration. Go to your
Sporcle Settings
to finish the process.
Report this User
Report this user for behavior that violates our
Community Guidelines
.
Details:
Send Report
Go to the Sporcle.com Mobile Site →
Comments